Geografia per Lettere - V - Statistics

Statistiche generali
  • Questo quiz è stato fatto 104 volte
  • Il punteggio medio è 11 su 20
Statistiche sulle risposte
Categoria Risposta % Corretto
Regione Italiana Valle d'Aosta - Veneto
100%
Provincia Italiana Varese - Venezia - Verbano-Cusio-Ossola - Vercelli - Verona - Vibo Valentia - Vicenza - Viterbo
98%
Città Italiana (100k+) Venezia - Verona - Vicenza
98%
Stato Asiatico Vietnam
98%
Stato Sud Americano Venezuela
97%
Capitale Europea Vaduz - Varsavia - Vienna - Vilnius
96%
Città Spagnola (100k+) Valencia - Valladolid - Vigo - Vitoria-Gasteiz
90%
Stato USA Vermont - Virginia - Virginia Occidentale
90%
Stato Oceaniano Vanuatu
72%
Fiume (1500km+) Viljuj - Vitim - Volga - Volta
64%
Capitale Asiatica Vientiane
46%
Città che ha Ospitato un'Olimpiade Vancouver
45%
Isola (2500km2+) Isola di Vancouver - Vajgač - Vanua Levu - Vendsyssel-Thy - Viti Levu
37%
Arcipelago Vanuatu - Vegaøyan - Vesterålen - Valaam
28%
Capitale Africana Victoria
18%
Oblast Russo Vladimir - Volgograd - Vologda - Voronež
10%
Stato Messicano Veracruz
9%
Una delle Sette Vette Monte Vinson
2%
Parco Nazionale USA Valle della Morte - Voyageurs - Vulcani delle Hawaii - Vulcanico di Lassen
2%
Valuta in Uso Vatu
1%
Nessun quiz corrispondente trovato
Distribuzione punteggi
Percentuale di utenti per punteggio
Percentile per numero di risposta
I tuoi punteggi nel tempo
Non hai fatto questo quiz